000 00719nam a22002297a 4500
005 20240530110855.0
008 210930s2020 ua g 000 1 ara d
017 _a2020/11831
_bمصر. دار الكتب
020 _a9789778343168
040 _aEG-CaGPL
_cEG-CaGPL
082 0 4 _221
_a818.07/
_bم م
100 0 _aمريم توفيق
245 1 0 _aمن رياض الطيبين /
_cبقلم مريم توفيق
250 _aط.1
260 _aالقاهرة :
_bمكتبة جزيرة الورد،
_c2020.
300 _a193 ص. ؛
_c19 سم.
650 0 7 _2qrmak
_aالادب العربى
650 0 7 _2qrmak
_aالبلاغة العربية
651 _2qrmak
942 _2ddc
_cBK
999 _c66017
_d66017